000 00444pab a2200157 454500
008 180718b1997 xxu||||| |||| 00| 0 eng d
100 _aRichards, Michael
245 _aCommon property resource institutins and forest management in Latin America
260 _c1997
300 _ap.95-117
362 _aJan
650 _aForest management - Latin America
650 _aForest management
773 _aDevelopment and Change
909 _a35342
999 _c35342
_d35342